000 00211 a2200097 4500
001 46918
100 _aDixon N
245 _aMilitary incompetence
260 _aLondon
_bJonathan cape
_c
090 _c29997
_d29997
942 _aNUST-CAE
_cM
_c22220
999 _c281991
_d281991